000 00414nam a2200157 i 4500
001 89874
003 ES-MaACL
005 20230906180307.0
007 t|
008 050114s1968 sp ||||1| spa d
100 1 _aLatorre, Angel.
_970528
245 1 0 _aIntroducción al Derecho /
_cAngel Latorre.
260 _aBarcelona :
_bAriel,
_c[1968]
300 _a229 p. ;
_c18 cm.
852 _aES-MaACL
_jC-37185
_bR.66677
999 _c89874
_d89874